Participatívne rozpočtovanie - fenomén budúcnosti? bakalárska práca

Enregistré dans:
Détails bibliographiques
Auteur principal: Laššáková, Diana
Collectivité auteur: Národohospodárska fakulta EU. Katedra financií
Autres auteurs: Kočkovičová, Jana, 1989-
Format: Livre
Langue:slovaque
Publié: Bratislava 2015
Tags: Ajouter un tag
Pas de tags, Soyez le premier à ajouter un tag!

MARC

LEADER 00000nbm a2200000 4500
001 0205032
005 20161212094940.5
041 0 |a slo 
044 |a SK 
245 1 0 |a Participatívne rozpočtovanie - fenomén budúcnosti?  |b bakalárska práca  |c Diana Laššáková ; školiteľ: Jana Kočkovičová 
264 1 |a Bratislava  |c 2015 
300 |a 52 s. 
100 1 |a Laššáková, Diana 
700 1 |a Kočkovičová, Jana, 1989- 
710 2 |a Národohospodárska fakulta EU. Katedra financií